| 000 | 01147nam a2200361Ia 4500 | ||
|---|---|---|---|
| 001 | dia_6721 | ||
| 003 | CHAP | ||
| 005 | 20251021154302.0 | ||
| 008 | 220117s2017 xx 000 0 und d | ||
| 010 | _a178882 | ||
| 020 | _a978-607-7579-72-4 | ||
| 040 | _cCHAP | ||
| 082 | _a641.303 B84 2017 | ||
| 245 |
_aBuenos alimentos en el cafetal / _c Matilde Altamirano...[et al.] ; edición Armando Contreras |
||
| 260 |
_aMéxico : _b CENACAFE, _c2017 |
||
| 300 | _a[43] p. | ||
| 440 |
_aCafé in red _9163154 |
||
| 503 | _aD | ||
| 504 | _aBibliografía: p. [42] | ||
| 590 | _aQP144.F85 B84 2017 | ||
| 650 |
_aAlimentos _xValor nutritivo _94298 |
||
| 650 |
_aFoods _xNutritive value _9163159 |
||
| 650 |
_aPlantas silvestres _989083 |
||
| 650 |
_aVegetables _xNutrient content _9163160 |
||
| 650 |
_aVegetales _xContenido de nutrientes _9163161 |
||
| 650 |
_aWild plants _9163162 |
||
| 700 |
_aAltamirano, Matilde, coaut. _9163163 |
||
| 700 |
_aContreras, Armando, ed. _9163157 |
||
| 901 | _a641.303 B84 2017 | ||
| 902 | _aA | ||
| 905 | _a5232272017 mx dmn 8223223322spa16 | ||
| 942 |
_cLIBRO _2ddc |
||
| 999 |
_c178882 _d178882 |
||